Youth reflection : (Record no. 1216)

MARC details
000 -LEADER
fixed length control field 00503nam a2200145 4500
001 - CONTROL NUMBER
control field 1623
005 - DATE AND TIME OF LATEST TRANSACTION
control field 20181127163653.0
090 00 - LOCALLY ASSIGNED LC-TYPE CALL NUMBER (OCLC); LOCAL CALL NUMBER (RLIN)
Classification number (OCLC) (R) ; Classification number, CALL (RLIN) (NR) 373.05 T197y 2010
110 ## - MAIN ENTRY--CORPORATE NAME
Corporate name or jurisdiction name as entry element Tashitse Higher Secondary School.
Subordinate unit
Location of meeting
Date of meeting or treaty signing
Relator term
Number of part/section/meeting
Name of part/section of a work
245 00 - TITLE STATEMENT
Title Youth reflection :
Remainder of title Tashitse Higher Secondary School annual school magazine, 2010.
Statement of responsibility, etc.
Medium
260 00 - PUBLICATION, DISTRIBUTION, ETC.
Place of publication, distribution, etc. Trashigang :
Name of publisher, distributor, etc. Tashitse Higher Secondary School,
Date of publication, distribution, etc. 2010.
300 00 - PHYSICAL DESCRIPTION
Extent 88 p.
650 00 - SUBJECT ADDED ENTRY--TOPICAL TERM
Topical term or geographic name entry element Education, Secondary --Bhutan.
General subdivision
Topical term or geographic name entry element High school students --Bhutan --Periodicals.
General subdivision
Holdings
Withdrawn status Lost status Source of classification or shelving scheme Damaged status Not for loan Collection code Home library Current library Shelving location Serial Enumeration / chronology Inventory number Total Checkouts Full call number Barcode Date last seen Price effective from Koha item type
    Dewey Decimal Classification     Main TEST RTC Library RTC Library Main opac 4491   373 TRA 30003567 27/11/2018 27/11/2018 Main
Royal Thimphu College || All Right Reserved